Catálogo - Centro de Recursos para el Aprendizaje y la Investigación

Volver al Sitio - CRAI Biblioteca

Convenio sobre la distribución señales portadas de programas transmitidas por satélite : hecho en Bruselas el 21 mayo de 1974 (Registro nro. 114601)

Detalles MARC
000 -CABECERA
campo de control de longitud fija 00770nam a2200193Ia 4500
001 - NÚMERO DE CONTROL
campo de control 114601
003 - IDENTIFICADOR DEL NÚMERO DE CONTROL
campo de control DR-UNIBE
005 - FECHA Y HORA DE LA ÚLTIMA TRANSACCIÓN
campo de control 20260427110837.0
008 - DATOS DE LONGITUD FIJA--INFORMACIÓN GENERAL
campo de control de longitud fija 26042721998 sz spa spa
040 ## - FUENTE DE LA CATALOGACIÓN
Centro/agencia transcriptor BIBLIOTECA UNIBE
Normas de descripción rda
Centro catalogador/agencia de origen BIBLIOTECA UNIBE
Lengua de catalogación spa
041 ## - CÓDIGO DE LENGUA
Código de lengua del texto/banda sonora o título independiente spa
111 2# - ENTRADA PRINCIPAL--NOMBRE DE CONGRESO/REUNIÓN
Nombre de congreso/reunión o jurisdicción como elemento de entrada Convenio sobre la Distribución Señales Portadas de Programas Transmitidas por Satélite (1974 : Bruselas)
9 (RLIN) 204362
245 10 - MENCIÓN DE TÍTULO
Título Convenio sobre la distribución señales portadas de programas transmitidas por satélite : hecho en Bruselas el 21 mayo de 1974
260 4# - PUBLICACIÓN, DISTRIBUCIÓN, ETC.
Lugar de publicación, distribución, etc. Ginebra :
Nombre del editor, distribuidor, etc. Organización Mudial de la Propiedad Intelectual,
Fecha de publicación, distribución, etc. 1998
300 4# - DESCRIPCIÓN FÍSICA
Extensión 9 páginas
650 ## - PUNTO DE ACCESO ADICIONAL DE MATERIA--TÉRMINO DE MATERIA
Término de materia o nombre geográfico como elemento de entrada Convenios (Derecho)
650 ## - PUNTO DE ACCESO ADICIONAL DE MATERIA--TÉRMINO DE MATERIA
Término de materia o nombre geográfico como elemento de entrada Telecomunicación
Subdivisión general Legislación
9 (RLIN) 204366
942 ## - ELEMENTOS DE PUNTO DE ACCESO ADICIONAL (KOHA)
Fuente del sistema de clasificación o colocación Sistema de Clasificación Decimal Dewey
Tipo de ítem Koha Folleto
Existencias
Estado de retiro Estado de pérdida Fuente del sistema de clasificación o colocación Estado dañado No para préstamo Código de colección Localización permanente Fecha de adquisición Total de préstamos Signatura topográfica completa Código de barras Fecha visto por última vez Número de copia Precio válido a partir de Tipo de ítem Koha
  Disponible Sistema de Clasificación Decimal Dewey     Folletos Biblioteca Central UNIBE 01/01/2026   F 5820 F250196 27/04/2026 Ej. 1 27/04/2026 Folleto